000
00197 a2200097 4500
001
4562
100
_a
Smith,M.L
245
_a
Fuels & combustion
260
_a
_b
Mcgrawhill
_c
090
_c
3758
_d
3758
942
_a
NUST-CAE
_c
M
_c
29998
999
_c
239635
_d
239635